| 000 | 00465nam a2200181Ia 4500 | ||
|---|---|---|---|
| 001 | 21492 | ||
| 005 | 20260306172923.0 | ||
| 008 | 260306t2008||||xx |||||||||||||| ||spa|| | ||
| 041 | _aESP | ||
| 082 |
_a345.1C4 _bC14 |
||
| 100 |
_aCáceres J., Roberto E. _eAUT |
||
| 245 | 0 |
_aCódigo procesal penal comentado: _bdecreto legislativo Nº 957 |
|
| 260 | _c2008 | ||
| 300 |
_a638 páginas : _c24 cm. |
||
| 650 | _aGEN | ||
| 654 | _aCDE | ||
| 942 |
_cLIB _dJUS _fJUS _2ddc _n |
||
| 999 |
_c21492 _d21492 |
||